000
00253nam a22001097a 4500
999
_c
4376
_d
4376
008
250213b ||||| |||| 00| 0 eng d
020
_a
9780241684887
100
_a
WALKER,RICHARD
_e
AUTHOR
245
_a
HUMAN BODY
260
_b
DK PUBLISHERS
942
_2
ddc